Click the Time Zone: North America Quiz Stats

 Plays Quiz Updated Aug 7, 2016

Score 0/11 Timer 03:00
6 Plays Today
% Correct
UTC -9:00
95.4%
UTC -8:00
94.7%
UTC -5:00
94.6%
UTC -6:00
94.6%
UTC -7:00
93.9%
UTC -3:00
86.9%
UTC -4:00
76.4%
UTC -3:30
69.7%
UTC -10:00
69.1%
UTC ±0:00
59.1%
UTC -1:00
46.4%

You're not logged in!

Compare scores with friends on all Sporcle quizzes.
Join for Free
OR
Log In

You Might Also Like...

Show Comments

Extras

Top Quizzes Today


Score Distribution

Your Account Isn't Verified!

In order to create a playlist on Sporcle, you need to verify the email address you used during registration. Go to your Sporcle Settings to finish the process.

Report this User

Report this user for behavior that violates our Community Guidelines.

Details: